House Fornitures and Fixtures - Statistics

Estatísticas Gerais
  • Esse quiz foi jogado 6 vezes
  • A pontuação média é 11 de 35
Estatísticas das Respostas
Imagem Resposta % Correto
Glass
100%
Armchair
50%
Bathtub
50%
Comforter | Quilt | Bedspread
50%
Couch
50%
Counter
50%
Drawer
50%
Lamp
50%
Microwave
50%
Pan | Skillet
50%
Pillow
50%
Refrigerator
50%
Shower
50%
Side table
50%
Sink
50%
Soap
50%
Toaster
50%
Toilet
50%
Toilet paper
50%
Towel
50%
Wardrobe
50%
Cabinets
0%
Cup
0%
Dish
0%
Dresser
0%
Kettle
0%
Napkin
0%
Oven
0%
Pantry
0%
Rug | Carpet
0%
Sheets
0%
Silverware
0%
Stove
0%
Toothbrush
0%
Washcloth
0%
Nenhum quiz correspondente encontrado
Distribuição das Pontuações
Porcentagem de Pessoas com Cada Pontuação
Percentil de Números Respondidos
Sua Pontuação Histórica
Você não jogou esse quiz